Stations served by c2c (UK) Quiz Stats

 Plays Quiz not verified by Sporcle

Score 0/29 Timer 07:00
0 Plays Today
% Correct
Fenchurch Street
98%
Southend East
97%
Southend Central
97%
Upminster
92.1%
Liverpool Street
92.1%
Barking
91.1%
Limehouse
90.1%
Shoeburyness
89.1%
West Ham
87.1%
Grays
85.1%
East Tilbury
84.2%
Tilbury Riverside
84.2%
Tilbury Town
84.2%
Dagenham Dock
83.2%
Stratford
79.2%
% Correct
Basildon
77.2%
Pitsea
74.3%
Benfleet
73.3%
Chafford Hundred
73.3%
Rainham
73.3%
Thorpe Bay
72.3%
Laindon
70.3%
Leigh-on-Sea
69.3%
Ockendon
66.3%
Purfleet
65.3%
Westcliff
62.4%
Chalkwell
60.4%
Stanford-le-Hope
60.4%
West Horndon
59.4%

You're not logged in!

Compare scores with friends on all Sporcle quizzes.
OR
Log In

Show Comments

Extras

Created Nov 3, 2010SourceReportNominate
Tags:rail, railway, station, train

Top Quizzes Today


Score Distribution

Your Account Isn't Verified!

In order to create a playlist on Sporcle, you need to verify the email address you used during registration. Go to your Sporcle Settings to finish the process.

Report this User

Report this user for behavior that violates our Community Guidelines.

Details: